000 01657cam a22003618i 4500
001 21910200
003 EG-ScBUE
005 20230925101120.0
008 210219t2022 enk f b 001 0 eng d
020 _a9781350116573
040 _aDLC
_beng
_erda
_cDLC
_dEG-ScBUE
082 0 0 _a746.92
_222
_bHOP
100 1 _aHopkins, John
_c(Fashion designer),
_eauthor.
245 1 0 _aFashion design :
_bthe complete guide /
_cJohn Hopkins.
250 _aSecond edition.
264 1 _aLondon ;
_aNew York :
_bBloomsbury Visual Arts,
_c[2022]
264 4 _cc2022
300 _a156 pages :
_billustrations (some color) ;
_c28 cm
336 _atext
_btxt
_2rdacontent
337 _aunmediated
_bn
_2rdamedia
338 _avolume
_bnc
_2rdacarrier
504 _aIncludes bibliographical references and index.
505 0 _aFashion in context -- Visual language of fashion -- Colour and fabrics -- Research and design -- Concept to prototype -- Portfolio and professional practice.
520 _a"From researching new concepts to incorporating sustainable practices into design, production and distribution - this is the ultimate introduction to the fashion industry"--
_cProvided by publisher.
650 7 _aFashion design.
_2BUEsh
650 7 _aFashion drawing.
_2BUEsh
653 _cSeptember2023
_bART
_2FD
655 _vReading book
776 0 8 _iOnline version:
_aHopkins, John (Fashion designer).
_tFashion design.
_bSecond edition
_dLondon ; New York : Bloomsbury Visual Arts, 2021
_z9781350116580
_w(DLC) 2021006015
906 _a7
_bcbc
_corignew
_d1
_eecip
_f20
_gy-gencatlg
942 _2ddc
_cBB
999 _c30573
_d30544